Central Library and Information Centre
Sibsagar Girls' College, Sivasagar : Assam

SNATAK MAHALAR ASOMAR PRASANGARE UTTAR-PUB BHARATAR RAJNITY (For 4th Semester-6th Paper--Major) (Record no. 20058)

MARC details
000 -LEADER
fixed length control field 00610cam a2200229ua 4500
008 - FIXED-LENGTH DATA ELEMENTS--GENERAL INFORMATION
fixed length control field 181121n II |||gr||||Z||||||asm
040 ## - CATALOGING SOURCE
Original cataloging agency MAIN
041 ## - LANGUAGE CODE
-- English
041 ## - LANGUAGE CODE
-- asm
082 ## - DEWEY DECIMAL CLASSIFICATION NUMBER
Classification number 320 GOH
100 ## - MAIN ENTRY--PERSONAL NAME
Personal name GOHAIN, NABIN.
245 ## - TITLE STATEMENT
Title SNATAK MAHALAR ASOMAR PRASANGARE UTTAR-PUB BHARATAR RAJNITY (For 4th Semester-6th Paper--Major)
250 ## - EDITION STATEMENT
Edition statement 2nd Rev.
260 ## - PUBLICATION, DISTRIBUTION, ETC.
Place of publication, distribution, etc. JORHAT:
Name of publisher, distributor, etc. BIDYA BHAWAN,
Date of publication, distribution, etc. 2014.
300 ## - PHYSICAL DESCRIPTION
Extent 304:
Dimensions 20CM.
700 ## - ADDED ENTRY--PERSONAL NAME
Personal name GOGOI, TRAILUKYA.
700 ## - ADDED ENTRY--PERSONAL NAME
Personal name HAZARIKA, KUNDAN.
700 ## - ADDED ENTRY--PERSONAL NAME
Personal name NATH, BHRIGUMONI.
942 ## - ADDED ENTRY ELEMENTS (KOHA)
Koha item type Books
653 ## - INDEX TERM--UNCONTROLLED
Uncontrolled term Political science
Holdings
Withdrawn status Lost status Damaged status Not for loan Collection code Home library Current library Shelving location Date acquired Total Checkouts Full call number Barcode Date last seen Date last checked out Copy number Price effective from Koha item type Public note
        TBPSC Central Library and Information Centre Sibsagar Girls College Central Library and Information Centre Sibsagar Girls College POLITICAL SC BOOK RACK 26.02.2014 4 320 GOH 30688 27.08.2024 17.08.2024 1 27.02.2020 Books V
        TBPSC Central Library and Information Centre Sibsagar Girls College Central Library and Information Centre Sibsagar Girls College POLITICAL SC BOOK RACK 26.02.2014   320 GOH 30689 27.02.2020   2 27.02.2020 Books V
        TBPSC Central Library and Information Centre Sibsagar Girls College Central Library and Information Centre Sibsagar Girls College POLITICAL SC BOOK RACK 26.02.2014 1 320 GOH 30690 23.11.2021 03.11.2021 3 27.02.2020 Books V


Sibsagar Girl's College © 2020. All rights reserved.
Powered by Koha.
Maintained by Abhijit Borpuzari.